000 01213nam a2200217Ia 4500
001 b7066-51371
003 IT-MiCISF
008 161014s9999||||xx |||||||||||||| ||und||
040 _aIT-MiCISF
_cIT-MiCISF
041 _aIT
100 _aZattoni Mariateresa
245 0 _aContro gli inganni del lupo
_bIl legame fraterno in famiglia e in comunità
250 _a1a ed.
260 _aAssisi (PG)
_bCittadella Editrice
_c2011
300 _app. 154
500 _a / rapporti-fratelli, persona, comunità, rapporti-familiari, educazione / Per diventare veri fratelli e sorelle nella fede occorre annullare gli effetti della fraternità del sangue o farli fruttare? Ecco la tesi del libro: di qualunque comunità l'individuo adulto faccia parte (famiglia, presbiterio, comunità religiosa, parrocchia) porterà le tracce della propria fratrìa. Tali tracce vanno guardate in faccia e non lasciate cadere, perché ogni pratica di fraternità adulta ne è profondamente influenzata. Gli AA. sono convinti che proprio in tale fraternità matura risplenda un dono che viene dall'alto.
650 _a Dinamiche familiari / famiglia
_e001
700 _aGillini Gilberto
942 _cBK
957 _71
999 _a51371
_bsi
_g1
_c209914
_d209914